Estimation of unbiased recombination values in the presence of misclassification of a trait using RFLP maps (Record no. 58842)

MARC details
000 -LEADER
fixed length control field 00565nam a2200193Ia 4500
100 ## - MAIN ENTRY--AUTHOR NAME
Personal name Cheng R
245 #0 - TITLE STATEMENT
Title Estimation of unbiased recombination values in the presence of misclassification of a trait using RFLP maps
260 ## - PUBLICATION, DISTRIBUTION, ETC. (IMPRINT)
Name of publisher Theoretical and Applied Genetics
Year of publication 1996
300 ## - PHYSICAL DESCRIPTION
Number of Pages 524-531
650 ## - SUBJECT ADDED ENTRY--TOPICAL TERM
Topical Term Maximum likelihood
650 ## - SUBJECT ADDED ENTRY--TOPICAL TERM
Topical Term Mis-classification
650 ## - SUBJECT ADDED ENTRY--TOPICAL TERM
Topical Term Recombination value
650 ## - SUBJECT ADDED ENTRY--TOPICAL TERM
Topical Term RFLP linkage map
700 ## - ADDED ENTRY--PERSONAL NAME
Personal name Saito A
700 ## - ADDED ENTRY--PERSONAL NAME
Personal name Takano Y
700 ## - ADDED ENTRY--PERSONAL NAME
Personal name Ukai Y
942 ## - ADDED ENTRY ELEMENTS (KOHA)
Koha item type Journals
Holdings
Withdrawn status Lost status Damaged status Not for loan Home library Current library Shelving location Date acquired Serial Enumeration / chronology Koha item type
      Journals RRII Library RRII Library RFLP 17/12/2021 Volume 92, Issue 5 Journals